Педагогическая поэма: Для среднего и старшего возраста

Chi tiết về thư mục
Tác giả chính: Макаренко А. С. Антон Семенович
Tác giả khác: Лукин Ю. Б. (автор предисловия), Слепков А. Г. (иллюстратор)
Ngôn ngữ:Tiếng Nga
Được phát hành: Москва, Детская литература, 1988
Những chủ đề:
Định dạng: Sách
KOHA link:https://koha.lib.tpu.ru/cgi-bin/koha/opac-detail.pl?biblionumber=126865

MARC

LEADER 00000nam0a2200000 4500
001 126865
005 20231101220023.0
010 |a 5080012994 
020 |a RU  |b 88-39424 
035 |a (RuTPU)RU\TPU\book\137233 
090 |a 126865 
100 |a 20071205d1988 d y0rusy5003 ca 
101 0 |a rus 
102 |a RU 
105 |a a z 000ay 
200 1 |a Педагогическая поэма  |e Для среднего и старшего возраста  |f А. С. Макаренко  |g авт. предисл. Ю. Б. Лукин ; худож. А. Г. Слепков 
210 |a Москва  |c Детская литература  |d 1988 
215 |a 574,[2] с., [8] л. ил.  |c ил.  |d 22 см 
610 0 |a Детские исправительные трудовые колонии (д. л.) 
610 0 |a Беспризорные дети (д. л.) 
610 0 |a Педагоги в СССР (д. л.) 
610 0 |a Коммунистическое воспитание (д. л.) 
675 |a Р2  |z rus 
700 1 |a Макаренко  |b А. С.  |c российский педагог  |c писатель  |f 1888-1939  |g Антон Семенович  |2 stltpush  |3 (RuTPU)RU\TPU\pers\13261  |9 3934 
702 1 |a Лукин  |b Ю. Б.  |4 080 
702 1 |a Слепков  |b А. Г.  |4 440 
801 0 |a RU  |b RuMRKP  |c 19950417  |g psbo 
801 1 |a RU  |b 63413507  |c 20071205  |g PSBO 
801 2 |a RU  |b 63413507  |c 20071205  |g PSBO 
942 |c BK